000 00672nam a2200229Ia 4500
003 GCL
008 140319s9999 xx 000 0 ara d
040 _aGCL /
_cGCL
082 0 4 _a910.92
_bه ف
100 1 _aمحمود النحاس
245 1 0 _aفى طلب التوابل /
_cمحمود النحاس
700 1 _aمحمد عزيز رفعت (مترجم)
700 1 _aهاو, سونياى
300 _a369 ص
490 _aالالف كتاب
_v0
650 0 4 _aالرحالة
650 0 4 _aالرحالة العرب
650 0 4 _aالتوابل
650 0 4 _aالرحالة الغربيون
650 0 4 _aالجغرافيا - تاريخ
942 _2ddc
_cBK
999 _c50162
_d50162